000 00285pam a2200133 a 4500
020 _c
041 _aeng
100 _aSrinath L.S.
245 _aPert and CPM
_hTextual Documents
250 _a1996.
260 _aNew Delhi:
_bEast- West Press.
300 _a202 Pages.
930 _a3531
999 _c80451
_d80451